Βιομηχανική πολιτική, ευρωπαϊκή ενοποίηση και μισθωτή εργασία

Αποθηκεύτηκε σε:
Λεπτομέρειες βιβλιογραφικής εγγραφής
Κύριος συγγραφέας: Καραμεσίνη, Μαρία
Μορφή: Βιβλίο
Γλώσσα:Greek
Δημοσίευση: Αθήνα : Ελληνικά Γράμματα, c2002.
Σειρά:Βιβλιοθήκη οικονομικής και πολιτικής θεωρίας ; v.8
Θέματα:
Ετικέτες: Προσθήκη ετικέτας
Δεν υπάρχουν, Καταχωρήστε ετικέτα πρώτοι!

MARC

LEADER 00000cam a2200000 i 4500
001 1/4891
008 100225s2002 gr | ||| |||| ||gre||
020 |a 9603938726 
035 |l 10106970 
040 |a GR-MY-UA  |b gre  |e aacr 
041 0 |a gre 
082 7 |a 338.09495   |2 (22) 
100 1 |a Καραμεσίνη, Μαρία. 
245 1 0 |a Βιομηχανική πολιτική, ευρωπαϊκή ενοποίηση και μισθωτή εργασία /   |c Μαρία Καραμεσίνη.  
260 |a Αθήνα :   |b Ελληνικά Γράμματα,   |c c2002.  
300 |a 382 σ. :   |b διαγ., πίν. ;   |c 24 εκ.  
490 1 |a (Βιβλιοθήκη οικονομικής και πολιτικής θεωρίας ;   |v  vol.8) 
504 |a Βιβλιογραφία : σ. 369-382.  
650 0 0 |a Industrial policy  |z Greece. 
650 0 0 |a Labor market  |z Greece. 
650 0 0 |a Labor economics  |z Greece. 
830 0 |a Βιβλιοθήκη οικονομικής και πολιτικής θεωρίας ;  |v  v.8 
852 |a INST  |b CHIOS  |e 20100225  |h 338.09495 ΚΑΡ  |p 005200029651  |q 005200029651  |t BK  |y 0 
852 |a INST  |b CHIOS  |e 20100225  |h 338.09495 ΚΑΡ  |p 005200029654  |q 005200029654  |t BK  |y 0 
901 |a BIBL2-2010-1 
909 |a Χ  |b 148000 
909 |a Χ  |b 148001 
970 |a ΣΑΛΑΜΟΥΡΑ  |b ΜΑΡΙΑ  |z 2010/02/25